000 00669cam a22002292 4500
999 _c16622
_d16622
001 0000021006
003 OSt
005 20180131124712.0
008 120106s xx 000 0 eng d
020 _a9966010874 :
040 _aKABU
_cKABU
050 0 _aHF5635
_b.W36 2017 c. 1
100 1 _aWang'ombe, David K.
245 1 0 _aFundamentals of accounting /
_cDavid K. Wang'ombe.
250 _a2nd ed.
260 _aNairobi :
_bFocus,
_c2017.
300 _a586 p.
650 0 _aAccounting.
908 _a120106
942 _2lcc
_cBK
_e2nd ed.
_hHF5635
_i.W36 2017 c. 1